01380nam a22003017a 450000500170000000800410001702000550005811000470011324501200016030000150028051800130029565300350030865300560034365300480039965300360044765300520048365300310053565300290056665300490059565300140064465300270065865300340068570000370071970000260075677400260078285601380080885601320094620260504121447.0260504s2026 ag ||||| |||| 00| 0 spa d aAc. 03/26 TSJ - Sala Penal Fecha 29/04/26bAC aTribunal Superior de Justicia - Sala Penal11a"VILLAGRAN, LEONARDO EMANUEL S/ ABUSO SEXUAL AGRAVADO POR EL VINCULO" /cTribunal Superior de Justicia - Sala Penal a68 p.bpdf a29/04/26 aVULNERABILIDAD DE LA VÍCTIMA aVULNERACIÓN DERECHOS DE GARANTÍA CONSTITUCIONAL aARBITRARIEDAD POR FUNDAMENTACIÓN APARENTE aDERECHO DE DEFENSA DEL IMPUTADO aDERECHOS DE JERARQUIA CONSTITUCIONAL DEL NIÑO aART 196 1ER PÁRRAFO CPPN aPRINCIPIO DE CONGRUENCIA aTRATADOS INTERNACIONALES DE DERECHOS HUMANOS aLEY 26061 aPERSPECTIVA DE NIÑEZ aINTERÉS SUPERIOR DEL NIÑO1 aElosu Larumbe, Alfredo Alejandro1 aGennari Maria Soledad aLEG MPFNQ 188258/2021 uhttp://jurispenal.jusneuquen.gov.ar/cgi-bin/koha/opac-retrieve-file.pl?id=a239b552f5aa761c433eafecccb74fbayTexto completo Ac. 03/26  uhttp://jurispenal.jusneuquen.gov.ar/cgi-bin/koha/opac-retrieve-file.pl?id=4224fec27309707e0faf31b107fc9f0ay TI Sentencia 81/25